Barborská cesta – nový produkt cestovného ruchu?

Kultúrne trasy reflektujú vzťah medzi kultúrou a cestovným ruchom, pričom ich tvorba môže osobitným spôsobom vplývať na rozvoj regiónu, obnovu jeho historického dedičstva a okrem ekonomického prínosu je nezanedbateľný aj ich sociálny rozmer v zmysle budovania kultúrnej identity, povedomia a hrdosti....

Descrizione completa

Salvato in:
Dettagli Bibliografici
Autore principale: Gregorová, Bohuslava
Natura: Capitolo di libro
Lingua:slovacco
Soggetti:
Tags: Aggiungi Tag
Nessun Tag, puoi essere il primo ad aggiungerne!!

MARC

LEADER 00000nla a2200000 4500
001 0200248
005 20240417075057.1
041 0 |a slo 
044 |a SK 
245 1 0 |a Barborská cesta – nový produkt cestovného ruchu?  |c Bohuslava Gregorová 
520 |a Kultúrne trasy reflektujú vzťah medzi kultúrou a cestovným ruchom, pričom ich tvorba môže osobitným spôsobom vplývať na rozvoj regiónu, obnovu jeho historického dedičstva a okrem ekonomického prínosu je nezanedbateľný aj ich sociálny rozmer v zmysle budovania kultúrnej identity, povedomia a hrdosti. Popis problematiky kultúrnych trás, historické súvislosti ich vzniku a pohľad na niektoré kultúrne či tématické trasy na Slovensku. Analýza podmienok konštituovania novej kultúrnej trasy s názvom Barborská cesta. 
610 2 0 |a ruch cestovný 
610 2 0 |a kultúra 
610 2 0 |a dedičstvo kultúrne 
610 2 0 |a rozvoj regionálny 
610 2 0 |a politika ruchu cestovného 
100 1 |a Gregorová, Bohuslava